00722 a2200157 4500003000500000005001700005040000900022082000800031100001500039245003900054260003200093300001100125505038300136538003200519650001300551Nust20170207154204.0 cNust a512 aAbbott, P. aTeach yourself calculuscP. Abbott aLondonbEnglish Pressc1949 a380 p. aFunctions (Page-9), Variations In Functions (Page-19), Rate Of Change Of A Function (Page-33), Some Rule For Differentiation (Page-58), Maxima And Minima Values (Page-77), Hyperbolic Functions (Page-138),Integration (Page-151), Integration Of Algebraic Fractions (Page-194), The Length Of Curves (Page-274), Solids Of Revolution (Page-281), Partial Differentiation (Page-317),. aAlmirah No. 124 shelf No. 2 aCalculus